| 000 | 00395pab a2200157 454500 | ||
|---|---|---|---|
| 008 | 180718b2003 xxu||||| |||| 00| 0 eng d | ||
| 100 | _aDasgupta, Abhijit | ||
| 245 | _aRepatriation of Sri Lankan refugees | ||
| 260 | _c2003 | ||
| 300 | _ap.2365-367. | ||
| 362 | _a14 Jun | ||
| 650 | _aRefugees - Sri Lanka | ||
| 650 | _aRefugees | ||
| 773 | _aEconomic and Political Weekly | ||
| 909 | _a56897 | ||
| 999 |
_c56897 _d56897 |
||